<?xml version="1.0" encoding="UTF-8"?>
<collection xmlns="http://www.loc.gov/MARC21/slim">
 <record>
  <leader>00483pamaa2200145   4500</leader>
  <controlfield tag="001">0000040586</controlfield>
  <controlfield tag="005">20060615090000.0</controlfield>
  <datafield tag="020" ind1="0" ind2="0">
   <subfield code="a">9834092407 (pbk) </subfield>
  </datafield>
  <datafield tag="090" ind1="0" ind2="0">
   <subfield code="a">HD59.2 </subfield>
   <subfield code="b">WON 2002</subfield>
  </datafield>
  <datafield tag="100" ind1="1" ind2="0">
   <subfield code="a">WONG </subfield>
  </datafield>
  <datafield tag="245" ind1="1" ind2="0">
   <subfield code="a">Groom or broom your image : </subfield>
   <subfield code="b">key to success learn the art of creating a successful image  </subfield>
   <subfield code="c">Sheila Wong with K.K. Ng.</subfield>
  </datafield>
  <datafield tag="260" ind1="0" ind2="0">
   <subfield code="a">Selangor, Malaysia: </subfield>
   <subfield code="b">Chit Chat Place Network, </subfield>
   <subfield code="c">2002.</subfield>
  </datafield>
  <datafield tag="300" ind1=" " ind2=" ">
   <subfield code="a">119p.: </subfield>
   <subfield code="b">col.ill.; </subfield>
   <subfield code="c">.23cm.</subfield>
  </datafield>
  <datafield tag="650" ind1="0" ind2="0">
   <subfield code="a">Image -- </subfield>
   <subfield code="x">Corporate </subfield>
  </datafield>
  <datafield tag="700" ind1="1" ind2="1">
   <subfield code="a">Ng, </subfield>
   <subfield code="h">K.K </subfield>
  </datafield>
 </record>
</collection>
